logo

Bir Sreshtho Munshi Abdur Rouf Library
Jhenaidah Cadet College

অম্বিকাচরণ মজুমদার / (Record no. 12604)

MARC details
000 -LEADER
fixed length control field 00872nam a2200253 a 4500
001 - CONTROL NUMBER
JCCL Control Number 12604
003 - CONTROL NUMBER IDENTIFIER
JCCL marc code BD-JhCC
005 - DATE AND TIME OF LATEST TRANSACTION
control field 20221015101701.0
008 - FIXED-LENGTH DATA ELEMENTS--GENERAL INFORMATION
fixed length control field 221015s20082027bg |||| |||| 000 0 ban d
020 ## - INTERNATIONAL STANDARD BOOK NUMBER
International Standard Book Number 98470120000564
035 ## - SYSTEM CONTROL NUMBER
system control number (BD-JhCC)12604
040 ## - CATALOGING SOURCE
Original cataloging agency BD-JhCC
Modifying agency BD-JhCC
041 ## - LANGUAGE CODE
Language code of Book beg
082 ## - DEWEY DECIMAL CLASSIFICATION NUMBER
Classification number 923
Author mark and Year ABD 2017
100 ## - MAIN ENTRY--PERSONAL NAME
Personal name আবদুস সোবহান, আ ন ম
245 ## - TITLE STATEMENT
Title অম্বিকাচরণ মজুমদার /
Statement of responsibility, etc আ ন ম আবদুস সোবহান
260 ## - PUBLICATION, DISTRIBUTION, ETC. (IMPRINT)
Place of publication, distribution, etc ঢাকা :
Name of publisher, distributor, etc কথাপ্রকাশ,
Date of publication, distribution, etc ২০১৭
300 ## - PHYSICAL DESCRIPTION
Pagination ৪৮ পৃ. :
Dimensions ২১ সেমি.
490 ## - SERIES STATEMENT
Series statement জীবনী গ্রন্থমালা
504 ## - BIBLIOGRAPHY, ETC. NOTE
Bibliography, etc গ্রন্থপঞ্জি অন্তর্ভূক্ত।
600 ## - SUBJECT ADDED ENTRY--PERSONAL NAME
Personal name Mazumder, Ambikacharan
650 ## - SUBJECT ADDED ENTRY--TOPICAL TERM
Topical term or geographic name as entry element Biography
942 ## - ADDED ENTRY ELEMENTS (KOHA)
Source of classification or shelving scheme Dewey Decimal Classification
Koha item type Books
Holdings
Source of classification or shelving scheme Damaged status Not for loan Home library Current library Shelving location Date of accession Cost, normal purchase price Total Checkouts Full call number Barcode Date last seen Copy number Koha item type Method of acquisition Currency
Dewey Decimal Classification     JCC Rouf Library JCC Rouf Library General Stacks 10/15/2022 72.00   923 ABD 2017 17487 10/15/2022 C-1 Books    
Dewey Decimal Classification     JCC Rouf Library JCC Rouf Library General Stacks   50.00   923 ABD 2008 19340 05/14/2024 C-2 Books Purchase BDT

JCC Library | Contacts | JCC Home

Last Update on 23 September 2017
Copyright @ 2017-2020 JCC Rouf Library
Rouf Library, Jhenidah Cadet College (JCC), Bangladesh